00608nam a2200145Ia 4500008004100000050002500041100002700066245010300093260008600196300003400282521001200316942000700328999001900335952010800354140724s9999 xx 000 0 und d aRT 48.6b.Ag283 2010 aTrajano, Ramona Elisa. 2aA community diagnosis of CAA-B Sitio Bathalang Bato and Sitio Maligaya /cTheresa Tracy D. Aguila. aLas Piñas, Philippines :bSouthville International School and Colleges,cC2010. a173 p. :bcol. Ill. ;c28 cm. aNursing cTH c229003d229003 001040aCLbCLcTHESESd2014-07-24l0oRT 48.6 .Ag283 2010pT0357r2018-05-15 00:00:00w2014-07-24yTH